00393nam a2200157Ia 4500008004100000020001800041082001400059100002300073245003500096250000600131260003300137300001000170500002400180650001200204700001900216230524s9999 xx 000 0 und d a9789327227031 a4.22bSAH aRajesh Kumar Sahoo 0aAdvanced Computer Architecture a1 aNew Delhibkalyani pubc2013 a406p; aQuantity Number: 1 aComp-Sc aSatyabrata Das